| 000 | 00702nam a22002177a 4500 | ||
|---|---|---|---|
| 003 | UA-OsUOA | ||
| 001 | 108889 | ||
| 007 | ta | ||
| 008 | 20141120b un ||||| |||| 00| 0 ukr d | ||
| 090 |
_a016:929 _bД53 |
||
| 942 | _cBK | ||
| 040 |
_aUA-OsUOA _bukr _cUA-OsUOA _dUA-OsUOA |
||
| 245 |
_aМарія Дмитрієнко: історик, журналіст, громадська діячка _bбіобібліографія _cО. А. Удод, В. А. Смолій |
||
| 300 | _a168 с. | ||
| 955 | _a1 | ||
| 041 | _aukr | ||
| 080 | _a016:929 | ||
| 260 |
_aК. _bІІУ НАНУ _c2007 |
||
| 650 | 7 |
_a01 Бібліографія і бібліографії. Каталоги _2UDC |
|
| 999 |
_c394805 _d394805 |
||